000 00972nam a2200265Ia 4500
003 OSt
005 20221005112224.0
006 a|||||r|||| 00| 0
007 ta
008 221004b |||||||| |||| 00| 0 pan d
020 _a8193776607
_cINR 225.00
024 _a44963
037 _b1053, 08/02/2019, H.K. Prakashan
_cTextual
040 _aCRL
_cCRL
_bpan
041 _2pan
_apan
082 _aO153,6x, Q8
100 _aਸਿੰਘ, ਕੁਲਵੰਤ, ਂਚ.
245 0 _aਪੰਜਾਬੀ ਵਾਰਤਕ
_b ਸੰਚਾਰ ਤੇ ਵਿਉਹਾਰ
260 _aਅੰਮ੍ਰਿਤਸਰ
_bਰਵੀ ਸਾਹਿਤ ਪ੍ਰਕਾFਨ ਭਾਰਤ
_c2018
300 _a152ਪ੍ਰ0
_ccm.
650 _a ਪੰਜਾਬੀ ਨਿਬੰਧ
650 _aਪੰਜਾਬੀ ਸਾਹਿਤ
942 _hO153,6x, Q8
_cTEXL
_2cc
999 _c1024238
_d1024238